Incollable #22 - Histoire - Statistiques

Statistiques générales
  • Ce quiz a été pris 959 fois
  • Le résultat moyen est 6 sur 11
Statistiques - réponses
Niveaux Questions Réponses % Correct
CP Quel est le jour de Noël ? Le 25 décembre
99%
CE2 À quel siècle appartient l’année 1891 ? Au XIXème siècle
98%
CM2 Quel pays a été dirigé par Adolf Hitler de 1933 à 1945 ? L’Allemagne
91%
CE2 De quel peuple Attila était-il le principal chef au Veme siècle ? Les Huns
67%
Lycée Quel Président de la République Française a succédé à Georges Pompidou ? Valérie Giscard d’Estaing
67%
Collège Dans l’Antiquité, quelle cité grecque à vaincue Athènes ? Sparte
57%
CM1 De qui Louis XIV était-il le fils ? De Louis XIII
52%
Collège Au Vème siècle, quel chef barbare était surnommé le « Fléau de Dieu » ? Attila
41%
Lycée Comment appelle-t-on la place principale des villes romaines ? Le forum
35%
CM2 Quel souverain français a régné lors de la monarchie de Juillet ? Louis-Philippe Ier (1830-1848
31%
CM1 À la fin du XVIème siècle, qui était le principal ministre du roi Henri IV ? Sully
10%
Aucun quiz correspondant
Distribution des résultats
% des personnes avec chaque résultat
Percentile par nombre de réponses
Votre historique - résultats
Vous n’avez pas pris ce quiz